| 000 | 00952 a2200217 4500 | ||
|---|---|---|---|
| 005 | 2008092409539.0 | ||
| 008 | 080924t xxu||||| |||| 00| 0 eng d | ||
| 010 | _aENG-87826 | ||
| 020 |
_a8189915576 _c680.00 |
||
| 035 | _aEN-71359 | ||
| 037 | _bD.B.Act / Pub | ||
| 082 | _a331.763 | ||
| 100 | _aChhina, Sarabjit Singh | ||
| 245 |
_aMarginal farmers and agricultural labourers _cby Sarbjit Singh Chhina _bsocio-economic problems & poverty alleviation measures |
||
| 260 |
_aNew Delhi _bRegal Publication _c2007 |
||
| 270 |
_aF-159, Rajouri Garden _bNew Delhi _e110027 _k011-45546396 _mregalbookspub@yahoo.com |
||
| 300 |
_axv, 233 p. _c22 cm. (Hb.) |
||
| 500 | _aIncludes bibliograpgical refrences and Index | ||
| 942 |
_adpl _cEN _k331.763 / CHH _2ddc _h331.763 _mCHH |
||
| 999 |
_c7066 _d7066 |
||